000 00453nam a2200193Ia 4500
005 20250603145755.0
008 250603s9999 xx 000 0 und d
020 _a9780073102467
050 _aHD 30 .28 .D47/
100 _aDess, Gregory G.
245 0 _aStrategic management : text and cases
250 _a2nd ed.
260 _aBoston
260 _bMcGraw-Hill/Irwin
260 _cc2006
300 _a939 p
650 _aBoston
942 _cBK
999 _c42812
_d42812